00756cam a2200217 a 4500999001500000001000600015003000900021005001700030008004100047020001500088040003800103082001600141245006800157260003900225300004100264650003300305650005600338710001800394942001200412952011400424 c6434d643411145BD-DhUAP20210110094626.0201231s2008 ii abf b f000 0 eng  a8122300332 aBD-DhUAPcBD-DhUAPdBD-DhUAPbEng a421 RAP223 aRapidex self letter drafting course :binstant letter producer. aNew Delhi :bPustak Mahal,cc2008. a374 pages :billustrations ;c24 cm. aEnglish language -- Writing. aEnglish language -- Textbooks for foreign speakers. aPustak Mahal. 2ddccBK 00102ddc4070aUAPCLbUAPCLcGeneral Stacksd2020-12-31o421 RAPp3010011145r2020-12-31t1w2020-12-31yBK